书目信息 |
| 题名: |
论语全书图解详析
|
|
| 作者: | 孔丘 著 ;思履 主编 | |
| 分册: | ||
| 出版信息: | 北京 北京联合出版公司 2014 |
|
| 页数: | 425页 | |
| 开本: | 25cm | |
| 丛书名: | ||
| 单 册: | ||
| 中图分类: | B222.24 | |
| 科图分类: | ||
| 主题词: | 儒家 | |
| 电子资源: | ||
| ISBN: | 978-7-5502-3716-2 | |
| 000 | 00875nam0 2200265 450 | |
| 001 | 338905 | |
| 005 | 20150603150653.93 | |
| 010 | @a978-7-5502-3716-2@b精装@dCNY75.00 | |
| 100 | @a20141217d2014 em y0chiy50 ea | |
| 101 | 0 | @achi |
| 102 | @aCN@b110000 | |
| 105 | @aa z 000yd | |
| 106 | @ar | |
| 200 | 1 | @a论语全书图解详析@Alun yu quan shu tu jie xiang xi@f(春秋) 孔子著@g思履主编 |
| 210 | @a北京@c北京联合出版公司@d2014 | |
| 215 | @a425页@d25cm | |
| 300 | @a国学典藏馆 超值全彩珍藏版 | |
| 330 | @a本书不仅对《论语》原著进行了注释和翻译, 还介绍了孔子及其弟子的生平, 阐释了儒家思想的核心概念, 以帮助读者快速掌握《论语》精华。 | |
| 605 | @a《论语》@x译文 | |
| 606 | 0 | @a儒家 |
| 690 | @aB222.24@v5 | |
| 701 | 0 | @c(春秋)@a孔丘@Akong qiu@f(前551或前552 前479)@4著 |
| 702 | 0 | @a思履@Asi lü@4主编 |
| 801 | 0 | @aCN@b卓展宏图@c20150525 |
| 905 | @dB222.24@e485@f4 | |
| 论语全书图解详析/(春秋) 孔子著/思履主编.-北京:北京联合出版公司,2014 |
| 425页;25cm |
| 国学典藏馆 超值全彩珍藏版 |
| ISBN 978-7-5502-3716-2(精装):CNY75.00 |
| 本书不仅对《论语》原著进行了注释和翻译, 还介绍了孔子及其弟子的生平, 阐释了儒家思想的核心概念, 以帮助读者快速掌握《论语》精华。 |
| ● |
| 相关链接 |
|
|
|
|
正题名:论语全书图解详析
索取号:B222.24/485
 
预约/预借
| 序号 | 登录号 | 条形码 | 馆藏地/架位号 | 状态 | 备注 |
| 1 | 861077 | 208610779 | 第一样本阅览室/ [索取号:B222.24/485] | 在馆 | |
| 2 | 861078 | 208610788 | 第一借阅区/ [索取号:B222.24/485] | 在馆 | |
| 3 | 861079 | 208610797 | 教育系资料室/ [索取号:B222.24/485] | 在馆 | |
| 4 | 861080 | 208610804 | 第一借阅区/ [索取号:B222.24/485] | 在馆 |